Statistiques concernant [SPA] Ropas

Cliquez ici pour prendre le quiz!

Statistiques générales

  • Ce quiz a été pris 10 fois
  • Le résultat moyen est 6 sur 29

Statistiques - réponses

Francés Español % Correct
PantalonPantalòn
71%
ChemiseCamisa
57%
Tee-shirt / maillotCamiseta
57%
ChaussureZapato / Zapatilla
57%
BandanaBandana / Pañuelo
43%
LunettesGafas / Lentes / Anteojos
43%
Bermuda / ShortShort / Pantalòn corto / Bermudas
29%
PullSuéter / Jersey
29%
PantoufleZapatilla
29%
Sac à mainBolso / Bolsa de mano
29%
JupeFalda
14%
CaleçonCalzoncillo
14%
Boucle d'oreillePendiente
14%
BotteBota
14%
CostumeTraje / Disfraz
14%
CasquetteGorra / Sombrero
14%
VesteChaqueta
14%
ChaussetteMedia / Calcetin
14%
ManteauAbrigo / Capa
14%
Maillot de bainTraje de baño
14%
BraceletBrazalete
0%
BonnetGorro
0%
CravateCorbata
0%
BlouseBata
0%
CagouleCogulla / Màscara / Pasamontañas / Capucha
0%
PeignoirAlbornoz
0%
EcharpeBufanda
0%
RobeVestido
0%
GantGuante
0%

Distribution des résultats

Percentile by Number Answered

% des personnes avec chaque résultat

Votre développement - résultats

Vous n’avez pas pris ce quiz